Statistiche per Palloni d'Oro brasiliani

Clicka qui per fare il quiz!

Statistiche generali

  • Questo quiz è stato fatto 11 volte
  • Il punteggio medio è 5 su 5

Statistiche sulle risposte

EdizioneSquadraCalciatore% Corretto
2005BarcellonaRonaldinho
100%
1997InterRonaldo
100%
2002Real MadridRonaldo
100%
2007MilanKakà
91%
1999BarcellonaRivaldo
82%

Distribuzione punteggi

Percentile per numero di risposta

Percentuale di utenti per punteggio

I tuoi punteggi nel tempo

Non hai fatto questo quiz